UM Logo

Factors affecting the production and level of competitiveness of tarpaulin printing business in Digos City/ (Record no. 2819)

MARC details
000 -LEADER
fixed length control field 00657nam a22001577a 4500
008 - FIXED-LENGTH DATA ELEMENTS--GENERAL INFORMATION
fixed length control field 160527b xxu||||| |||| 00| 0 eng d
082 ## - DEWEY DECIMAL CLASSIFICATION NUMBER
Edition number 2014
Classification number UT 0651
Item number C76
100 ## - MAIN ENTRY--PERSONAL NAME
9 (RLIN) 9354
Personal name Conol, Almira Joy T.
245 ## - TITLE STATEMENT
Title Factors affecting the production and level of competitiveness of tarpaulin printing business in Digos City/
Statement of responsibility, etc. Almira Joy T. Conol, Michael A. Lagande and Jim D. Villagonzalo.
260 ## - PUBLICATION, DISTRIBUTION, ETC. (IMPRINT)
Place of publication, distribution, etc. Digos City:
Name of publisher, distributor, etc. UMDC
Date of publication, distribution, etc. January 2014.
300 ## - PHYSICAL DESCRIPTION
Extent 66 pages;
Dimensions 29 cm.
650 #0 - SUBJECT ADDED ENTRY--TOPICAL TERM
9 (RLIN) 9352
Topical term or geographic name as entry element Business Administration
General subdivision Marketing Management
Chronological subdivision Undergraduate thesis.
700 ## - ADDED ENTRY--PERSONAL NAME
9 (RLIN) 9349
Personal name Lagunde, Michael A.
700 ## - ADDED ENTRY--PERSONAL NAME
9 (RLIN) 9350
Personal name Villagonzalo, Jim D.
942 ## - ADDED ENTRY ELEMENTS (KOHA)
Source of classification or shelving scheme Dewey Decimal Classification
Koha item type Undergraduate Thesis
Holdings
Withdrawn status Lost status Source of classification or shelving scheme Damaged status Not for loan Collection code Home library Current library Date acquired Total Checkouts Full call number Barcode Date last seen Price effective from Koha item type
    Dewey Decimal Classification     Undergraduate Theses UM Digos College - LIC UM Digos College - LIC 05/27/2016   UT 0651 C76 2014 UT0651 05/27/2016 05/27/2016 Undergraduate Thesis